MARC Record
Leader
003
BE-GnUNI
007
't'u
035
a| (MSK)314001059
245
0
0
a| Ghereh :
b| Rivista di Tappeti e tessili.
546
a| Italiaans
500
a| Tijdschriften
852
4
b| MSK
c| MSK
j| II.IT.36
920
a| tijdschrift
001
000045185
005
20241224121706.0